| 000 | 01367cam a2200457 a 4500 | ||
|---|---|---|---|
| 001 | 20253 | ||
| 003 | VRT | ||
| 005 | 20260120115750.0 | ||
| 008 | 980318s1961 xr oa g 0 000 cze c | ||
| 039 | 9 |
_a201606071354 _bmsvkbb10 |
|
| 040 |
_aSNK _bslo _cSNK _dSVKBB _eAACR2 |
||
| 041 | 0 | _acze | |
| 044 |
_axr _cCZ |
||
| 080 |
_a582.284.52 _22011 |
||
| 080 |
_a582.639.121 _22011 |
||
| 080 |
_a634.75 _22011 |
||
| 080 |
_a634.738 _22011 |
||
| 080 |
_a634.5 _22011 |
||
| 100 | 1 | _aHrdlička, Antonín | |
| 245 | 1 | 0 |
_aSbírame lesní plody a houby _cA. Hrdlička, M. Smotlacha |
| 250 | _a1. vyd. | ||
| 260 |
_aPraha _bPráce _c1961 |
||
| 300 |
_a336 s. _bfotografie, obr. |
||
| 504 | _aLiteratúra s. 332-333 | ||
| 650 | 0 | 7 |
_ahríby _2SNKPH |
| 650 | 0 | 7 |
_ahuby _2SNKPH |
| 650 | 0 | 7 |
_alesné ovocie _2SVKBBPH |
| 650 | 0 | 7 |
_amaliny _2SNKPH |
| 650 | 0 | 7 |
_ajahody _2SNKPH |
| 650 | 0 | 7 |
_abrusnice _2SNKPH |
| 650 | 0 | 7 |
_ačučoriedky _2SNKPH |
| 650 | 0 | 7 |
_alieskové orechy _2SNKPH |
| 650 | 0 | 7 |
_ašípky (plody) _2SNKPH |
| 700 | 1 |
_aSmotlacha, Miroslav, _d1920-2007 _4aut |
|
| 942 |
_2ddc _cOLDO _n0 |
||
| 949 |
_6273K0423361 _asvkpoA 37146 _bsvkpo86592 |
||
| 949 |
_6270001000525835 _asvkbbS 18313 _bsvkbbm 70508 |
||
| 949 |
_almsmopaj582.28 _blmsmopaj25575 |
||
| 999 |
_c20253 _d20253 |
||